000
00318nam a22001217a 4500
999
_c
6548
_d
6548
008
200206b ||||| |||| 00| 0 eng d
020
_c
LVI
082
_a
658.8 BOO
100
_a
BOONE, LOUIS E.
_c
KURTZ, DAVID L.
245
_a
CONTEPORARY MARKETING
250
_a
12ED.
260
_a
NEW YORK;
_b
THOMSON SOUTH-WESTERN,
_c
2006.